000 00693nam a2200205 a 4500
001 000017032
005 20250123122253.0
008 100316s1976 dr 000 0 spa d
040 _aDO-SdBNP
_bspa
_cBNPHU
082 _axxx
_bF438e
100 1 _aFiallo Billini, José Antinoe
_d1944-
_910159
245 1 0 _aEstrategia alternativa para la reforma de educación primaria /
_cJosé Antinoe Fiallo Billini.
260 _aSanto Domingo :
_bUASD,
_c1976.
300 _a23 p. ;
_c22 cm.
490 1 _aConferencia
_v34
500 _aIncluye datos biográficos del autor en la contracubierta
504 _aIncluye bibliografías [p. 21-23]
830 0 _aConferencia
_n34
_v205
_937588
049 _aBNPD
999 _c16558
_d16558